[Event "Oberliga Ost-B 2122"]
[Site "Germany"]
[Date "2022.07.02"]
[Round "6.5"]
[White "Kirschbaum, Gunnar"]
[Black "Meyer, Kai Christian"]
[Result "1-0"]
[WhiteElo "2041"]
[BlackElo "2230"]
[PlyCount "81"]
[EventDate "2021.10.10"]
[EventType "team-tourn"]
[EventRounds "11"]
[EventCountry "GER"]
[SourceTitle "EXT 2023"]
[Source "ChessBase"]
[SourceDate "2022.10.05"]
[SourceVersion "1"]
[SourceVersionDate "2022.10.05"]
[SourceQuality "1"]
[WhiteTeam "Erfurt Medizin"]
[BlackTeam "Schoeneck"]
[WhiteTeamCountry "GER"]
[BlackTeamCountry "GER"]

1. d4 Nf6 2. c4 e6 3. Nc3 Bb4 4. Qc2 b6 5. e4 Bxc3+ 6. bxc3 d6 7. f4 e5 8. fxe5 dxe5 9. Nf3 c5 10. Bg5 h6 11. Bxf6 Qxf6 12. Nxe5 Qf4 13. Qf2 Qxf2+ 14. Kxf2 0-0 15. Be2 Bb7 16. Bf3 f6 17. Ng6 Re8 18. Rhe1 Nc6 19. e5 Na5 20. Bxb7 Nxb7 21. exf6 Kf7 22. Ne5+ Kxf6 23. Re4 g5 24. Rae1 Nd6 25. Ng4+ Kg6 26. Re6+ Rxe6 27. Rxe6+ Kf5 28. Rxd6 Kxg4 29. Rxh6 cxd4 30. Rf6 Kh5 31. cxd4 Rc8 32. h3 g4 33. hxg4+ Kxg4 34. Ke3 Rxc4 35. d5 Rc3+ 36. Ke4 Rc2 37. Rg6+ Kh5 38. Rg3 Rxa2 39. d6 Rd2 40. Rd3 Rxg2 41. d7 1-0

[Event "Oberliga Ost-B 2122"]
[Site "Germany"]
[Date "2022.05.01"]
[Round "3.7"]
[White "Frank, Marek"]
[Black "Kirschbaum, Gunnar"]
[Result "1-0"]
[WhiteElo "1495"]
[BlackElo "2041"]
[PlyCount "65"]
[EventDate "2021.10.10"]
[EventType "team-tourn"]
[EventRounds "11"]
[EventCountry "GER"]
[SourceTitle "EXT 2023"]
[Source "ChessBase"]
[SourceDate "2022.10.05"]
[SourceVersion "1"]
[SourceVersionDate "2022.10.05"]
[SourceQuality "1"]
[WhiteTeam "Gera"]
[BlackTeam "Erfurt Medizin"]
[WhiteTeamCountry "GER"]
[BlackTeamCountry "GER"]

1. e4 d6 2. d4 Nf6 3. Nc3 e5 4. Nf3 Nbd7 5. h3 Be7 6. Be3 c6 7. g4 Qa5 8. Nd2 0-0 9. Nb3 Qd8 10. Bg2 b5 11. 0-0 Bb7 12. a4 b4 13. Ne2 a5 14. Ng3 g6 15. f4 Ne8 16. f5 exd4 17. Nxd4 Ne5 18. Nf3 Nc4 19. Bh6 Nxb2 20. Qc1 Nc4 21. fxg6 hxg6 22. Bxf8 Bxf8 23. Qf4 Bg7 24. Rae1 Qe7 25. g5 Nc7 26. Nf5 gxf5 27. exf5 Be5 28. Qxc4 Ba6 29. Qh4 Bxf1 30. Rxf1 Nd5 31. f6 Qf8 32. Nxe5 dxe5 33. Be4 1-0

[Event "Erfurt op-A 29th"]
[Site "Erfurt"]
[Date "2019.12.28"]
[Round "5"]
[White "Kirschbaum, Gunnar"]
[Black "Maiwald, Harald"]
[Result "1/2-1/2"]
[WhiteElo "2083"]
[BlackElo "2005"]
[PlyCount "67"]
[EventDate "2019.12.26"]
[EventType "swiss"]
[EventRounds "8"]
[EventCountry "GER"]
[SourceTitle "CBM 194 Extra"]
[Source "ChessBase"]
[SourceDate "2020.03.31"]
[SourceVersion "1"]
[SourceVersionDate "2020.03.31"]
[SourceQuality "1"]

1. d4 Nf6 2. c4 e6 3. Nc3 Bb4 4. e3 0-0 5. Bd3 c5 6. a3 Bxc3+ 7. bxc3 Nc6 8. Nf3 d6 9. 0-0 e5 10. Nd2 Qe7 11. d5 Na5 12. e4 b6 13. Re1 Ba6 14. Qe2 Rae8 15. Rb1 Nd7 16. Nf1 f6 17. Ne3 g6 18. g3 Rf7 19. Ng4 Kh8 20. Nh6 Rff8 21. Rf1 Qg7 22. Ng4 Qe7 23. Bh6 Rf7 24. Bd2 Qf8 25. Nh6 Rfe7 26. f3 Rg7 27. Kg2 Qe7 28. h4 Nf8 29. Rh1 Qd7 30. Rh2 Qa4 31. h5 g5 32. Nf5 Rd7 33. Ne3 Rf7 34. Rhh1 1/2-1/2

[Event "Oberliga Ost-B 1819"]
[Site "Germany"]
[Date "2019.02.02"]
[Round "6.4"]
[White "Kirschbaum, Gunnar"]
[Black "Wahedi, Ahmad Siar"]
[Result "1/2-1/2"]
[WhiteElo "2142"]
[BlackElo "2274"]
[PlyCount "98"]
[EventDate "2018.10.21"]
[EventType "team-tourn"]
[EventRounds "11"]
[EventCountry "GER"]
[SourceTitle "EXT 2020"]
[Source "ChessBase"]
[SourceDate "2019.10.17"]
[SourceVersion "1"]
[SourceVersionDate "2019.10.17"]
[SourceQuality "1"]
[WhiteTeam "Erfurt Medizin"]
[BlackTeam "Neuberg"]
[WhiteTeamCountry "GER"]
[BlackTeamCountry "GER"]

1. e4 c5 2. d4 cxd4 3. c3 d3 4. Bxd3 d6 5. f4 Nf6 6. Nf3 Nc6 7. 0-0 Qb6+ 8. Kh1 Ng4 9. Qe2 h5 10. Na3 e6 11. Nc4 Qc7 12. a4 Bd7 13. b4 Be7 14. Bd2 Rd8 15. Rae1 Nb8 16. a5 b5 17. axb6 axb6 18. Ne3 Bc8 19. Nd4 Nxe3 20. Qxe3 h4 21. h3 g6 22. e5 d5 23. Qf3 Nc6 24. Be3 Nxd4 25. Bxd4 Bd7 26. Qf2 Rb8 27. Ra1 0-0 28. Ra6 Ra8 29. Rfa1 Rxa6 30. Rxa6 Rb8 31. Qa2 Bd8 32. b5 Bc8 33. Ra7 Rb7 34. Rxb7 Qxb7 35. c4 dxc4 36. Qxc4 Bd7 37. Bf2 Qd5 38. Kg1 Qxc4 39. Bxc4 Bc8 40. Be3 Kg7 41. Kf2 Bb7 42. Be2 Bd5 43. Bf3 Bc4 44. Bc6 f6 45. exf6+ Kxf6 46. Bd4+ Kf5 47. Ke3 Bd5 48. Bxd5 exd5 49. Kf3 Bc7 1/2-1/2

[Event "Erfurt op 28th"]
[Site "Erfurt"]
[Date "2018.12.27"]
[Round "2"]
[White "Kirschbaum, Gunnar"]
[Black "Carlstedt, Jonathan"]
[Result "0-1"]
[WhiteElo "2133"]
[BlackElo "2412"]
[PlyCount "62"]
[EventDate "2018.12.26"]
[EventType "swiss"]
[EventRounds "8"]
[EventCountry "GER"]
[SourceTitle "CBM 188 Extra"]
[Source "ChessBase"]
[SourceDate "2019.02.26"]
[SourceVersion "1"]
[SourceVersionDate "2019.02.26"]
[SourceQuality "1"]

1. d4 g6 2. c4 Bg7 3. e4 e6 4. Nc3 Ne7 5. d5 d6 6. Bg5 h6 7. Be3 Nd7 8. Qd2 Ne5 9. h3 g5 10. f3 N7g6 11. g3 f5 12. 0-0-0 f4 13. gxf4 gxf4 14. Bxf4 Nxf4 15. Qxf4 Rf8 16. Qg3 Qg5+ 17. Qxg5 hxg5 18. Nb5 Kd8 19. Nd4 exd5 20. cxd5 c5 21. dxc6 bxc6 22. h4 g4 23. fxg4 Nxg4 24. Nh3 Ne3 25. Nxc6+ Kc7 26. Ne7 Nxd1 27. Nd5+ Kd8 28. Kxd1 Bxb2 29. Ng5 Rb8 30. Bh3 Be5 31. Bxc8 Rf2 0-1

[Event "Oberliga Ost-B 1819"]
[Site "Germany"]
[Date "2018.10.21"]
[Round "1.3"]
[White "Kirschbaum, Gunnar"]
[Black "Rolle, Eric"]
[Result "0-1"]
[WhiteElo "2142"]
[BlackElo "2207"]
[PlyCount "54"]
[EventDate "2018.10.21"]
[EventType "team-tourn"]
[EventRounds "11"]
[EventCountry "GER"]
[SourceTitle "EXT 2020"]
[Source "ChessBase"]
[SourceDate "2019.10.17"]
[SourceVersion "1"]
[SourceVersionDate "2019.10.17"]
[SourceQuality "1"]
[WhiteTeam "Erfurt Medizin"]
[BlackTeam "Marburg"]
[WhiteTeamCountry "GER"]
[BlackTeamCountry "GER"]

1. d4 Nf6 2. c4 e6 3. Nc3 d5 4. Bg5 Be7 5. e3 0-0 6. Nf3 a6 7. cxd5 exd5 8. Qc2 Nbd7 9. Bd3 h6 10. Bh4 c5 11. dxc5 Nxc5 12. 0-0 Be6 13. Rac1 Rc8 14. Qb1 Nfe4 15. Bxe7 Qxe7 16. Rfd1 Qf6 17. Bf1 Nxc3 18. Rxc3 Bf5 19. Qa1 Ne4 20. Rxc8 Rxc8 21. Rc1 Re8 22. Rc7 Bg4 23. Be2 d4 24. exd4 Nd2 25. Ne5 Bxe2 26. Qe1 Rxe5 27. dxe5 Nf3+ 0-1

[Event "Oberliga Ost-B 1617"]
[Site "Germany"]
[Date "2017.03.19"]
[Round "8.4"]
[White "Kirschbaum, Gunnar"]
[Black "Wahedi, Ahmad Siar"]
[Result "1/2-1/2"]
[WhiteElo "2141"]
[BlackElo "2294"]
[PlyCount "22"]
[EventDate "2016.10.16"]
[EventType "team-tourn"]
[EventRounds "11"]
[EventCountry "GER"]
[SourceTitle "EXT 2018"]
[Source "ChessBase"]
[SourceDate "2017.10.13"]
[SourceVersion "1"]
[SourceVersionDate "2017.10.13"]
[SourceQuality "1"]
[WhiteTeam "Erfurt Medizin"]
[BlackTeam "Neuberg"]
[WhiteTeamCountry "GER"]
[BlackTeamCountry "GER"]

1. e4 d5 2. exd5 Qxd5 3. Nc3 Qa5 4. d4 Nf6 5. Nf3 Bf5 6. Bd3 Bxd3 7. Qxd3 c6 8. 0-0 e6 9. Bg5 Nbd7 10. Rfe1 Bd6 11. Ne4 Nxe4 1/2-1/2

[Event "Oberliga Ost-B 1617"]
[Site "Germany"]
[Date "2017.01.15"]
[Round "5.4"]
[White "Prenzler, Daniel"]
[Black "Kirschbaum, Gunnar"]
[Result "0-1"]
[WhiteElo "2237"]
[BlackElo "2141"]
[PlyCount "94"]
[EventDate "2016.10.16"]
[EventType "team-tourn"]
[EventRounds "11"]
[EventCountry "GER"]
[SourceTitle "EXT 2018"]
[Source "ChessBase"]
[SourceDate "2017.10.13"]
[SourceVersion "1"]
[SourceVersionDate "2017.10.13"]
[SourceQuality "1"]
[WhiteTeam "Frankfurt Koenig Nied"]
[BlackTeam "Erfurt Medizin"]
[WhiteTeamCountry "GER"]
[BlackTeamCountry "GER"]

1. d4 Nf6 2. Nc3 d6 3. e4 g6 4. f3 c6 5. Be3 Nbd7 6. Qd2 e5 7. 0-0-0 Qa5 8. Kb1 b5 9. dxe5 dxe5 10. g4 Qc7 11. Bh6 a6 12. h4 Bb7 13. Bh3 0-0-0 14. Bxf8 Nxf8 15. g5+ N6d7 16. Nge2 Kb8 17. Qd6 Qxd6 18. Rxd6 Kc7 19. Rhd1 Bc8 20. a4 Re8 21. a5 Nb8 22. Bxc8 Kxc8 23. f4 exf4 24. Nxf4 Nfd7 25. b4 Ne5 26. Nd3 Nbd7 27. Na2 Kc7 28. Nxe5 Nxe5 29. Nc1 Rd8 30. Rxd8 Rxd8 31. Rf1 Rd4 32. c3 Rxe4 33. Nb3 Re3 34. Nc5 Rxc3 35. Nxa6+ Kd6 36. Rf6+ Kd5 37. Nc7+ Kc4 38. Rf4+ Kb3 39. a6 Nd3 40. Rf1 Rc2 41. a7 Rb2+ 42. Ka1 Ra2+ 43. Kb1 Rxa7 44. Rxf7 Nxb4 45. Rxh7 Nd5 46. h5 Nc3+ 47. Kc1 Ra2 0-1

[Event "Oberliga Ost-B 1112"]
[Site "Germany"]
[Date "2012.04.14"]
[Round "10.4"]
[White "Kirschbaum, Gunnar"]
[Black "Henrich, Thomas"]
[Result "0-1"]
[WhiteElo "2212"]
[BlackElo "2222"]
[PlyCount "70"]
[EventDate "2011.10.02"]
[EventType "team-tourn"]
[EventRounds "11"]
[EventCountry "GER"]
[SourceTitle "EXT 2013"]
[Source "ChessBase"]
[SourceDate "2012.11.22"]
[SourceVersion "1"]
[SourceVersionDate "2012.11.22"]
[SourceQuality "1"]
[WhiteTeam "Erfurt Medizin"]
[BlackTeam "Giessen"]
[WhiteTeamCountry "GER"]
[BlackTeamCountry "GER"]

1. d4 Nf6 2. c4 g6 3. Nc3 d5 4. cxd5 Nxd5 5. e4 Nxc3 6. bxc3 Bg7 7. Nf3 c5 8. Be2 0-0 9. 0-0 Bg4 10. Be3 Qa5 11. Rb1 Qxc3 12. Rc1 Qa3 13. Rxc5 Nc6 14. d5 Bxf3 15. gxf3 Ne5 16. f4 Nd7 17. Rc7 Rfd8 18. Bg4 Nf6 19. Bf3 e6 20. Bd4 Nxd5 21. exd5 Bxd4 22. Qb3 Qd6 23. Qxb7 Qxf4 24. dxe6 Be5 25. exf7+ Kf8 26. Re1 Bxc7 27. Qb2 Be5 28. Qa3+ Kxf7 29. Bxa8 Rxa8 30. Re3 Qxh2+ 31. Kf1 Re8 32. Qb3+ Kg7 33. Rh3 Qf4 34. Qb7+ Bc7 35. Qc6 Rf8 0-1

[Event "Oberliga Ost-B 1011"]
[Site "Germany"]
[Date "2010.12.12"]
[Round "4.3"]
[White "Kirschbaum, Gunnar"]
[Black "Boehmer, Christian"]
[Result "1-0"]
[WhiteElo "2230"]
[BlackElo "2197"]
[PlyCount "47"]
[EventDate "2010.10.24"]
[EventType "team-tourn"]
[EventRounds "11"]
[EventCountry "GER"]
[SourceTitle "EXT 2012"]
[Source "ChessBase"]
[SourceDate "2011.11.24"]
[SourceVersion "1"]
[SourceVersionDate "2011.11.24"]
[SourceQuality "1"]
[WhiteTeam "Erfurt Medizin"]
[BlackTeam "Moerlenbach"]
[WhiteTeamCountry "GER"]
[BlackTeamCountry "GER"]

1. d4 Nf6 2. c4 e6 3. Nc3 Bb4 4. Qc2 d5 5. Bg5 Nbd7 6. cxd5 exd5 7. e3 c6 8. Bd3 Qa5 9. Nge2 0-0 10. 0-0 Re8 11. a3 Be7 12. b4 Qd8 13. b5 h6 14. Bf4 Nf8 15. bxc6 bxc6 16. Na4 Qa5 17. Rfc1 Ba6 18. Bc7 Qxc7 19. Bxa6 Ng4 20. Ng3 Bd6 21. Be2 Nxh2 22. Qxc6 Qd8 23. Qxd5 Re6 24. Nc5 1-0

[Event "Oberliga Ost-B 1011"]
[Site "Germany"]
[Date "2010.11.13"]
[Round "2.3"]
[White "Kirschbaum, Gunnar"]
[Black "Wege, Jochen"]
[Result "1/2-1/2"]
[WhiteElo "2230"]
[BlackElo "2258"]
[PlyCount "47"]
[EventDate "2010.10.24"]
[EventType "team-tourn"]
[EventRounds "11"]
[EventCountry "GER"]
[SourceTitle "EXT 2012"]
[Source "ChessBase"]
[SourceDate "2011.11.24"]
[SourceVersion "1"]
[SourceVersionDate "2011.11.24"]
[SourceQuality "1"]
[WhiteTeam "Erfurt Medizin"]
[BlackTeam "Frankfurt BvK"]
[WhiteTeamCountry "GER"]
[BlackTeamCountry "GER"]

1. d4 Nf6 2. c4 c5 3. d5 b5 4. cxb5 a6 5. b6 e6 6. Nc3 Nxd5 7. Nxd5 exd5 8. Qxd5 Nc6 9. Nf3 Rb8 10. Bd2 Rxb6 11. Bc3 Nb4 12. Qd1 d5 13. a3 Nc6 14. e3 Be6 15. Be2 Be7 16. 0-0 0-0 17. Qd2 Qd6 18. b4 cxb4 19. axb4 Nxb4 20. Bxb4 Qxb4 21. Qxb4 Rxb4 22. Rxa6 Bf6 23. Rd1 h6 24. h3 1/2-1/2

[Event "Mainz Ordix op 17th"]
[Site "Mainz"]
[Date "2010.08.07"]
[Round "2"]
[White "Kirschbaum, Gunnar"]
[Black "Aronian, Levon"]
[Result "0-1"]
[WhiteElo "2230"]
[BlackElo "2783"]
[PlyCount "46"]
[EventDate "2010.08.07"]
[EventType "swiss (rapid)"]
[EventRounds "11"]
[EventCountry "GER"]
[SourceTitle "CBM 137 Extra"]
[Source "ChessBase"]
[SourceDate "2010.09.01"]
[SourceVersion "1"]
[SourceVersionDate "2010.09.01"]
[SourceQuality "1"]

1. d4 Nf6 2. c4 g6 3. Nc3 Bg7 4. e4 0-0 5. f4 d6 6. Nf3 c5 7. d5 e6 8. Be2 exd5 9. cxd5 b5 10. e5 dxe5 11. fxe5 Ng4 12. Bf4 Nd7 13. e6 Nb6 14. Ng5 fxe6 15. Bxg4 Rxf4 16. Bxe6+ Kh8 17. h4 Bxe6 18. Nxe6 Rxh4 19. 0-0 Qd6 20. Rf7 Bd4+ 21. Nxd4 cxd4 22. Nxb5 Qxd5 23. Qf1 Kg8 0-1

[Event "Oberliga Ost-B 0910"]
[Site "Germany"]
[Date "2010.01.24"]
[Round "7.4"]
[White "Euler, Gerd"]
[Black "Kirschbaum, Gunnar"]
[Result "1/2-1/2"]
[WhiteElo "2348"]
[BlackElo "2160"]
[PlyCount "62"]
[EventDate "2009.10.18"]
[EventType "team-tourn"]
[EventRounds "11"]
[EventCountry "GER"]
[SourceTitle "EXT 2011"]
[Source "ChessBase"]
[SourceDate "2010.11.26"]
[SourceVersion "1"]
[SourceVersionDate "2010.11.26"]
[SourceQuality "1"]
[WhiteTeam "Hungen Lich"]
[BlackTeam "Erfurt Medizin"]
[WhiteTeamCountry "GER"]
[BlackTeamCountry "GER"]

1. e4 d6 2. d4 Nf6 3. Nc3 g6 4. h3 Bg7 5. Be3 c6 6. a4 a5 7. g4 e5 8. Bg2 Qe7 9. Nge2 Na6 10. Qd2 Nc7 11. 0-0 0-0 12. Rae1 b5 13. axb5 Nxb5 14. Nxb5 cxb5 15. dxe5 dxe5 16. g5 Nh5 17. Nc3 Nf4 18. Bxf4 exf4 19. Qxf4 Bxc3 20. bxc3 Be6 21. e5 Ra7 22. Rd1 Rc8 23. Bd5 Rxc3 24. Bxe6 fxe6 25. Rd6 Rxc2 26. Rfd1 Rc8 27. Qg4 Re8 28. Rb6 Rb7 29. Ra6 Ra7 30. Rb6 Rb7 31. Ra6 Ra7 1/2-1/2

[Event "Oberliga Ost-B 0910"]
[Site "Germany"]
[Date "2009.11.14"]
[Round "2.2"]
[White "Kirschbaum, Gunnar"]
[Black "Konopka, Michal"]
[Result "0-1"]
[WhiteElo "2160"]
[BlackElo "2448"]
[PlyCount "58"]
[EventDate "2009.10.18"]
[EventType "team-tourn"]
[EventRounds "11"]
[EventCountry "GER"]
[SourceTitle "EXT 2011"]
[Source "ChessBase"]
[SourceDate "2010.11.26"]
[SourceVersion "1"]
[SourceVersionDate "2010.11.26"]
[SourceQuality "1"]
[WhiteTeam "Erfurt Medizin"]
[BlackTeam "Schoeneck"]
[WhiteTeamCountry "GER"]
[BlackTeamCountry "GER"]

1. d4 Nf6 2. c4 g6 3. Nc3 d5 4. cxd5 Nxd5 5. e4 Nxc3 6. bxc3 c5 7. Nf3 Bg7 8. Be2 Nc6 9. d5 Bxc3+ 10. Bd2 Bxa1 11. Qxa1 Nd4 12. Nxd4 cxd4 13. Qxd4 f6 14. h4 Qb6 15. Qd3 Bd7 16. 0-0 Rc8 17. h5 Kf7 18. Be3 Qa5 19. Bd4 a6 20. e5 Qxd5 21. exf6 exf6 22. Bf3 Qd6 23. Rd1 Ba4 24. Rb1 b5 25. Qe4 Rhd8 26. Be3 Bc2 27. hxg6+ hxg6 28. Qb7+ Rc7 29. Bd5+ Kg7 0-1